MERRY CHRISTMAS,MR.SNOWMAN! (Record no. 4553)
[ view plain ]
| 000 -LEADER | |
|---|---|
| fixed length control field | 00262nam a22001097a 4500 |
| 008 - FIXED-LENGTH DATA ELEMENTS--GENERAL INFORMATION | |
| fixed length control field | 250227b ||||| |||| 00| 0 eng d |
| 020 ## - INTERNATIONAL STANDARD BOOK NUMBER | |
| International Standard Book Number | 9780735840454 |
| 082 ## - DEWEY DECIMAL CLASSIFICATION NUMBER | |
| Classification number | FIC HAN |
| 100 ## - MAIN ENTRY--PERSONAL NAME | |
| Personal name | HANEL.WOLFRAM |
| Relator term | AUTHOR |
| 245 ## - TITLE STATEMENT | |
| Title | MERRY CHRISTMAS,MR.SNOWMAN! |
| 942 ## - ADDED ENTRY ELEMENTS (KOHA) | |
| Source of classification or shelving scheme | |
| Withdrawn status | Lost status | Source of classification or shelving scheme | Damaged status | Not for loan | Collection code | Permanent Location | Current Location | Shelving location | Date acquired | Full call number | Barcode | Date last seen | Price effective from | Koha item type | Public note |
|---|---|---|---|---|---|---|---|---|---|---|---|---|---|---|---|
| Fiction | KH8 Primary School Library | KH8 Primary School Library | Fiction | 2025-02-27 | FIC HAN | KHPL000006353 | 2025-12-05 | 2025-02-27 | Books - Fiction | KH8 PRIMARY LIBRARY |